000 00773nam a22002175i 4500
001 164947
003 ES-MaACL
005 20250721200225.0
008 020927s1886 fr a d |||| | fre d
040 _aCCPB | B
_bspa
_cCCPB | B
100 1 _aSchmitt, J.
_9132558
245 1 0 _aMicrobes et maladies /
_cpar J. Schmitt.
260 _aParis :
_bLibrairie J.-B. Baillière et fils,
_c1886 (
_eSaint-Germain :
_fImprimerie Émile Colin)
300 _aX, 299 p. :
_bil. ;
_c18 cm.
490 1 _aBibliothèque scientifique contemporaine
650 _aMicroorganismos.
_9136496
650 7 _aEnfermedades infecciosas
_2embne
_9135986
830 0 _aBibliothèque scientifique contemporaine
_9182226
852 _aES-MaACL
_jF-11217
_z-- Enc. hol.
999 _c164947
_d164947